000 00280nam a2200121Ia 4500
008 190216s9999||||xx |||||||||||||| ||und||
100 _aKakani Sl & Hemrajani C
245 0 _aMechanics
260 _bViva Book
_c2009
300 _a606
650 _aPhysics
942 _cBK
999 _c34250
_d34250